[Event "Quebec-ch Intercoll"]
[Site "Rimouski"]
[Date "1996.04.06"]
[Round "4"]
[White "Livernoche, Stephane"]
[Black "Dayer, Karl"]
[Result "1-0"]
[WhiteElo "1377"]
[BlackElo "1075"]
[PlyCount "107"]
[EventDate "1996.04.05"]
[EventType "swiss"]
[EventRounds "6"]
[EventCountry "CAN"]
[SourceTitle "EXT 2022"]
[Source "ChessBase"]
[SourceDate "2021.10.06"]
[SourceVersion "1"]
[SourceVersionDate "2021.10.06"]
[SourceQuality "1"]

1. e4 Nc6 2. d4 e5 3. d5 Nce7 4. c4 d6 5. Nc3 Ng6 6. Be3 Nf6 7. Bd3 Bd7 8. Nf3 a6 9. a4 Be7 10. Ng5 Ng4 11. Nh3 Nxe3 12. fxe3 Bxh3 13. gxh3 Bh4+ 14. Kd2 0-0 15. Qf3 Qd7 16. Rhg1 Ne7 17. Rg4 Ng6 18. Rag1 Rae8 19. Qf5 Qe7 20. R1g2 Qf6 21. Ne2 Re7 22. Ng1 Kh8 23. Nf3 Ree8 24. Be2 Rg8 25. Qh5 Rd8 26. Nxh4 Nxh4 27. Qxh4 Qxh4 28. Rxh4 g5 29. Rhg4 f6 30. Rf2 Kg7 31. h4 h6 32. hxg5 Kf7 33. g6+ Rxg6 34. Rxg6 Kxg6 35. Rg2+ Kh7 36. h4 c5 37. h5 Rf8 38. Bg4 Kh8 39. Bf5 Rf7 40. Rg6 b6 41. Rxh6+ Kg7 42. Rg6+ Kh8 43. Be6 Rf8 44. h6 a5 45. Rg7 f5 46. exf5 e4 47. Rb7 Rf6 48. Rxb6 Rxh6 49. Bd7 Kg7 50. Ke2 Kf8 51. Be6 Ke7 52. b3 Kf6 53. Rxd6 Ke5 54. Rc6 1-0